| 000 | 00492nam a2200169Ia 4500 | ||
|---|---|---|---|
| 008 | 260520s2024 xx 000 0 und d | ||
| 041 | _amar | ||
| 082 | _a080/BAD | ||
| 100 | _aबडे, विठ्ठल | ||
| 245 | _aपोलीस भारती ग्रंथ | ||
| 250 | _a1st ed | ||
| 260 |
_aपुणे _bमहाराष्ट्र पब्लिकेशन _c2024 |
||
| 300 | _a1058p. | ||
| 440 | _v1 Vol | ||
| 500 | _aCat No: 15245 | ||
| 650 | _aCOMPITITIVE EXAM | ||
| 999 |
_c1222245 _d1222245 |
||